The Vicar of Wakefield (Record no. 154382)

MARC details
000 -LEADER
campo de control de longitud fija 00624nam a22001815i 4500
001 - NÚMERO DE CONTROL
campo de control 154382
003 - IDENTIFICADOR DE NÚMERO DE CONTROL
campo de control ES-MaACL
005 - FECHA Y HORA DE LA ÚLTIMA TRANSACCIÓN
campo de control 20250708063328.0
008 - DATOS DE LONGITUD FIJA--INFORMACIÓN GENERAL
campo de control de longitud fija 040707s1851 fr af |||| | eng d
040 ## - FUENTE DE CATALOGACIÓN
Centro catalogador/agencia de origen CAM
Lengua de catalogación spa
Centro/agencia transcriptor CAM
100 1# - ENTRADA PRINCIPAL--NOMBRE DE PERSONA
Nombre de persona Goldsmith, Oliver,
Fechas asociadas al nombre 1730-1774
9 (RLIN) 57689
245 14 - MENCIÓN DEL TÍTULO
Título The Vicar of Wakefield
Resto del título : a tale /
Mención de responsabilidad, etc. by Oliver Goldsmith.
260 ## - PUBLICACIÓN, DISTRIBUCIÓN, ETC.
Lugar de publicación, distribución, etc. Paris :
Nombre del editor, distribuidor, etc. Baudry's European Library,
Fecha de publicación, distribución, etc. 1851 (
Fabricante printed by Crapelet)
300 ## - DESCRIPCIÓN FÍSICA
Extensión XIV, 316, [4] p., [1] h. de lám. ;
Dimensiones 14 cm.
599 ## - NOTA A LAS ILUSTRACIONES
NOTA A LAS ILUSTRACIONES La h. de lám., retrato del autor.
852 ## - LOCALIZACIÓN
Ubicación ES-MaACL
Número de control de estantería D-3959
Nota libre -- Enc. hol.
Holdings
Estatus retirado Estado de pérdida Estado de daño No para préstamo Colección Biblioteca de origen Biblioteca actual Ubicación en estantería Fecha de adquisición Fuente de adquisición Total de préstamos Signatura topográfica completa Código de barras Visto por última vez Precio de reemplazo Tipo de ítem Koha
        Libros del s. XIX Biblioteca del Ateneo de Madrid Biblioteca del Ateneo de Madrid Sala Valle Inclán 17/01/2008     D-3959 901161443 23/02/2023 23/02/2023 Libro impreso antiguo